000 01348nam a22002657a 4500
999 _c64453
_d64453
005 20240530110732.0
008 180514s2008 ua g b 000 0 ara d
017 _a2447
_bمصر. دار الكتب
020 _a9770523658
040 _aEG-CaGPL
_cEG-CaGPL
082 0 4 _221
_a001.303 /
_bم/س م
100 0 _aسمير جاد
245 1 0 _aمعجم المصطلحات المعاصرة فى العلوم الانسانية :
_bالشامل بمصطلحات علم النفس والتربية وعلم الاجتماع والفلسفة ومناهج البح وعلوم البيئة والمعلوماتية = The Newly Developer Trminologies for the Humanities Information Technology and Internet /
_cاعداد سمير جاد
246 1 1 _aThe Newly Developer Trminologies for the Humanities Information Technology and Internet
260 _aالقاهرة :
_bمكتبة الانجلو المصرية ،
_c2008.
300 _a389 ص. ؛
_c24 سم.
504 _aيشتمل على ارجاعات ببليوجرافية
650 0 7 _2qrmak
_aالاجتماع، علم
_vمعاجم
650 0 7 _2qrmak
_aالفلسفة
_vمعاجم
650 0 7 _2qrmak
_aالمعلومات، علم
_vمعاجم
650 0 7 _2qrmak
_aطرق البحث
_vمعاجم
651 _2qrmak
942 _2ddc
_cBK